Allies of Russia - Statistics

General Stats
  • This quiz has been taken 159 times
    106 since last reset
  • The average score is 19 of 30
Answer Stats
Partner(s): Country: % Correct
Russia Iran
94%
Russia/China North Korea
92%
Russia Kazakhstan
86%
Russia/USA India
83%
Russia Belarus
81%
Russia/Iran Syria
77%
Russia/China Kyrgyzstan
75%
Russia/China Tajikistan
75%
Russia/China Uzbekistan
73%
Russia/China Cuba
72%
Russia/China Mongolia
70%
Russia/EU Serbia
69%
Russia/China Venezuela
69%
Russia/China Algeria
66%
Russia/China/USA Egypt
63%
Russia Niger
63%
Russia/China Libya
61%
Russia/France Chad
58%
Russia Mali
58%
Russia/China Sudan
58%
Russia/China/UK South Africa
56%
Russia Burkina Faso
50%
Russia Eritrea
50%
Russia Central African Republic
48%
Russia Nicaragua
45%
Russia/China Bolivia
41%
Russia Guinea
39%
Russia/France Senegal
36%
Russia/China Zimbabwe
33%
Russia/China Sri Lanka
30%
No matching quizzes found
Score Distribution
Percent of People with Each Score
Percentile by Number Answered
Your Score History
You have not taken this quiz since the last reset